000 00618nam a2200253Ia 4500
003 OSt
005 20221007103205.0
006 a|||||r|||| 00| 0
007 ta
008 221006b |||||||| |||| 00| 0 hin d
024 _a12,470
037 _cTextual
040 _aLCO
_cLCO
_bhin
041 _2hin
_ahin
082 _aZ(Q2), N5
100 _aShukl Kamlesh
_9704874
245 0 _aHindu Vidhi
250 _a2nd
260 _aAllahabad
_bCentral Law Agency India
_c1995
300 _a283
650 _aHindu Law
942 _hZ(Q2), N5
_cTEXL
999 _c1182033
_d1182033